000 00663nam a2200193 a 4500
001 000040034
005 20230519124859.0
008 130802s2009 mx 000 0 spa d
020 _a9703204791
040 _aDO-SdBNP
_bspa
_cBNPHU
040 _aDO-SdBNP
245 1 0 _aSobre la melancolía de los sastres /
_cCharles Lamb ; presentación de Rafael Vargas.
260 _aMéxico :
_bUniversidad Nacional Autónoma de México,
_c2009.
300 _a79 p. : ;
_c15 cm.
490 1 _aPequeños grandes ensayos
_v15
700 1 _aVargas, Rafael
_966275
710 2 _aUniversidad Nacional Autónoma de México
_942447
830 0 _aPequeños grandes ensayos
_v15
_966274
999 _c39524
_d39524